Cómo medir y gestionar el capital intelectual en las PYMES (Registro nro. 9071)

Detalles MARC
000 -LEADER
fixed length control field 00379 a2200121 4500
001 - CONTROL NUMBER
control field ART_7319
005 - DATE AND TIME OF LATEST TRANSACTION
control field 20260410161554.0
008 - FIXED-LENGTH DATA ELEMENTS--GENERAL INFORMATION
fixed length control field 260409a
100 1# - MAIN ENTRY--PERSONAL NAME
Personal name Simaro, Jorge D.
245 10 - TITLE STATEMENT
Title Cómo medir y gestionar el capital intelectual en las PYMES
700 1# - ADDED ENTRY--PERSONAL NAME
Personal name Tonelli, Omar E.
773 0# - HOST ITEM ENTRY
Title Profesional & Empresaria
Related parts - Año VIII, Nº 94 (jul. 2007)
Record control number REV70

No hay ítems disponibles.